Word Ladder: Television Subcategories Quiz Stats

 Plays Quiz Updated Feb 11, 2019

Support Sporcle.
Go Orange.
Score 0/25 Timer 04:00
0 Plays Today
Clue 4-Letter Word % Correct
Son from the SimpsonsBART
96.1%
For fear thatLEST
95.5%
The final one on a listLAST
95.2%
Make tea or beerBREW
95.1%
Outer covering of an oakBARK
95%
Sporcle Television subcategory
Parker and Stone's 'South ___'
•PARK•
94.5%
Lure for a fishBAIT
93.3%
Sporcle Television subcategory
OR Plaster form for a broken limb
•CAST•
93.1%
Red root vegetableBEET
92.7%
Made a picture with a pencilDREW
92.4%
A soft French cheeseBRIE
91.7%
One from the UKBRIT
91.3%
Cream of the cropBEST
90.8%
Clue 4-Letter Word % Correct
One of the great lakesERIE
89.1%
A job for a lawyerCASE
88.7%
Michaels of PoisonBRET
87.8%
Sporcle Television subcategory
Gene Roddenberry's 'Star ___'
•TREK•
86.5%
Give a hootCARE
86.4%
Cut the outer covering offPARE
84%
Yiddish for gunk or dirtDREK
78.7%
Former TV subcategory
OR Annual TV award
•EMMY•
69.9%
A sea eagleERNE
36.7%
Melissa Aronson, the plus-size modelEMME
32.9%
Salinger dedicateeESME
16.8%
An Anglo-Saxon slaveESNE
16.4%

Today's Daily Dose

Missing Word
50 Cent Songs

Word Ladder
Close Gunshot

Quick Pick
Pop Punk Bands

Get the Picture
An 'S' in Disney

From the Vault

Blackboard Blitz: US Civil War Battles

by goc3

History 60s
Hopefully the chalk dust doesn't make anybody cough.
Remove Ads.
Support Sporcle.
Get the best of Sporcle when you Go Orange. This ad-free experience offers more features, more stats, and more fun while also helping to support Sporcle. Thank you for becoming a member.

Show Comments

Extras

Top Quizzes Today


Score Distribution

Your Account Isn't Verified!

In order to create a playlist on Sporcle, you need to verify the email address you used during registration. Go to your Sporcle Settings to finish the process.

Report this User

Report this user for behavior that violates our Community Guidelines.

Details: